000
00316nam a22001457a 4500
008
210526b ||||| |||| 00| 0 eng d
020
_a
9781587656774
041
_a
eng
080
_2
6th
_a
610
082
_a
610
100
_a
4
101
_a
SHM
245
_a
Magill's Medical Guide
_c
Brown,B.P
942
_2
udc
_c
BK
999
_c
57631
_d
57631